| 000 | 00835nam a2200253 i 4500 | ||
|---|---|---|---|
| 001 | 7033 | ||
| 003 | ES-MaACL | ||
| 005 | 20250824204200.0 | ||
| 007 | t| | ||
| 008 | 900724s1990 sp ||||1| spa d | ||
| 020 | _a84-87101-24-0 | ||
| 080 | _a86-991"19" | ||
| 080 | _a86(Jimenez,J.R.7 Y.01) | ||
| 100 | 1 |
_aJiménez, Juan Ramón, _d1881-1958 _966417 |
|
| 245 | 1 | 0 |
_aY para recordar por que he venido / _cJuan Ramon Jimenez ; seleccion, edicion e introduccion de Francisco Javier Blasco. |
| 260 |
_aValencia : _bPre-Textos, _c1990. |
||
| 300 |
_a277 p. ; _c20 cm. |
||
| 490 | 1 |
_aLetras hispánicas ; _v123 |
|
| 700 | 1 |
_aBlasco Pascual, Francisco J. _929398 |
|
| 830 | 0 | 0 |
_aLetras hispánicas (Pre-Textos) _v123 _9235704 |
| 852 |
_aES-MaACL _jL-14193 _bR.118072 _z. - rust. |
||
| 942 | _2udc | ||
| 999 |
_c7033 _d7033 |
||